000 00439nam a2200181Ia 4500
005 20250603145009.0
008 250603s9999 xx 000 0 und d
020 _a0072469900
050 _aHG 4026 .R677/
100 _aRoss, Stephen A.
245 0 _aFundamentals of corporate finance : instructor’s manual
250 _a6th ed.
260 _aBoston
260 _bMcGraw-Hil
260 _c2003
650 _aBoston
942 _cBK
999 _c40566
_d40566